| 000 | 01274nac a22002891i 4500 | ||
|---|---|---|---|
| 003 | EG-ScBUE | ||
| 005 | 20231205105206.0 | ||
| 008 | 100824k19861994ua af b 000 00 ara d | ||
| 017 | _a86 / 3880 | ||
| 017 | _a94 / 10412 | ||
| 020 | _a9770513253 | ||
| 040 |
_aEG-ScBUE _bara _erda _cEG-ScBUE _dEG-ScBUE |
||
| 082 | 0 | 4 |
_a909.07 _bع ا ش _222 |
| 100 | 1 |
_aعاشور، سعيد عبد الفتاح، _eمؤلف. |
|
| 245 | 1 | 2 |
_aالحركة الصليبية : _bصفحة مشرقة في تاريخ الجهاد الإسلامي في العصور الوسطى / _cتأليف دكتور سعيد عبد الفتاح عاشور، أستاذ كرسي تاريخ العصور الوسطى، كلية الآداب، جامعة القاهرة. |
| 250 | _aالطبعة السادسة. | ||
| 264 | 1 |
_aالقاهرة : _bمكتبة الأنجلو المصرية، _c1986-1994. |
|
| 300 |
_a2 مجلد ؛ _c24 سم |
||
| 336 |
_2rdacontent _aنص _btxt |
||
| 337 |
_aبدون وسيط _2rdamedia _bn |
||
| 338 |
_aمجلد _bnc _2rdacarrier |
||
| 504 | _aيشتمل على إرجاعات ببليوجرافية. | ||
| 505 | 0 | _aالمجلد الأول -- المجلد الثاني. | |
| 650 | 7 |
_aالحروب الصليبية. _2BUEsh |
|
| 655 | _vReading book | ||
| 942 |
_cBB _2ddc |
||
| 999 |
_c5461 _d5461 |
||